| 000 -LEADER |
| fixed length control field |
00850nam a22002057a 4500 |
| 020 ## - INTERNATIONAL STANDARD BOOK NUMBER |
| ISBN |
9781394222155 |
| 082 ## - DEWEY DECIMAL CLASSIFICATION NUMBER |
| Classification number |
624.1821 |
| Item number |
D391 2025 |
| 100 ## - MAIN ENTRY--AUTHOR NAME |
| Personal name |
Denavit, Mark D., author. |
| 245 ## - TITLE STATEMENT |
| Title |
Steel connection design by inelastic analysis : verification examples per AISC specification / Mark D. Dinavit , Ali Nassiri, Mustafa Mahamid, Martin Vild, Halil Sezen and František Wald. |
| 260 ## - PUBLICATION, DISTRIBUTION, ETC. (IMPRINT) |
| Place of publication |
Hoboken, NJ : |
| Name of publisher |
John Wiley & Sons, Inc., |
| Year of publication |
2025. |
| 300 ## - PHYSICAL DESCRIPTION |
| Number of Pages |
1 online resource, xi, 369 pages : |
| Other physical details |
illustrations (some color). |
| 500 ## - GENERAL NOTE |
| General note |
Includes bibliographical references and index. |
| 650 ## - SUBJECT ADDED ENTRY--TOPICAL TERM |
| Topical Term |
Steel -- Connections -- Design. |
| 700 ## - ADDED ENTRY--PERSONAL NAME |
| Personal name |
Nassiri, Ali , author. |
| 700 ## - ADDED ENTRY--PERSONAL NAME |
| Personal name |
Mahamid, Mustafa, author. |
| 700 ## - ADDED ENTRY--PERSONAL NAME |
| Personal name |
Vild, Martin, author. |
| 700 ## - ADDED ENTRY--PERSONAL NAME |
| Personal name |
Sezen, Halil, author. |
| 700 ## - ADDED ENTRY--PERSONAL NAME |
| Personal name |
Wald, František, author. |
| 942 ## - ADDED ENTRY ELEMENTS (KOHA) |
| Koha item type |
Electronic Books |